Slovak and Czech financial time series analysis

Modelovanie rôznych typov finančných časových sérií reprezentujúcich slovenský a český trh. Prechod slovenskej a českej koruny na euro. Analýza finančných časových sérií.

Salvato in:
Dettagli Bibliografici
Autore principale: Chocholatá, Michaela, 1977-
Natura: Capitolo di libro
Lingua:inglese
Soggetti:
Tags: Aggiungi Tag
Nessun Tag, puoi essere il primo ad aggiungerne!!

MARC

LEADER 00000naa$a2200000$$$4500
001 0088210
005 20240502083229.3
041 0 |a eng 
044 |a PT 
245 1 0 |a Slovak and Czech financial time series analysis  |c Michaela Chocholatá 
520 |a Modelovanie rôznych typov finančných časových sérií reprezentujúcich slovenský a český trh. Prechod slovenskej a českej koruny na euro. Analýza finančných časových sérií. 
610 2 0 |a kurz výmenný 
610 2 0 |a modelovanie 
610 2 0 |a sadzby úrokové 
610 2 0 |a prognózy 
610 2 0 |a štatistika finančná 
610 2 0 |a koruna 
610 2 0 |a euro 
100 1 |a Chocholatá, Michaela, 1977-